El superzorro /
Guardado en:
| Autor Principal: | |
|---|---|
| Otros Autores: | , |
| Formato: | Libro |
| Publicado: |
Buenos Aires :
Alfaguara,
1989.
|
| Series: | Juvenil Alfaguara
|
| Materias: | |
| Etiquetas: |
Agregar Etiqueta
Sin Etiquetas, Sea el primero en etiquetar este registro!
|
| LEADER | 00744nam a22002295a 4500 | ||
|---|---|---|---|
| 001 | CEM.cems021110 | ||
| 008 | 240426s1989##################000#0#####d | ||
| 005 | 20240426151543.0 | ||
| 245 | 1 | 0 | |a El superzorro / |c Roald Dahl ; ilustrado por Horacio Elena; traducido por Ramón Buckley. |
| 260 | |a Buenos Aires : |b Alfaguara, |c 1989. | ||
| 300 | |a 156 p. | ||
| 490 | 0 | |a Juvenil Alfaguara | |
| 500 | |a Título original: Fantastic Mr. Fox | ||
| 020 | |a 9582400137 | ||
| 100 | 1 | |a Dahl, Roald | |
| 700 | 1 | |a Elena, Horacio; il. | |
| 700 | 1 | |a Buckley, Ramón; trad. | |
| 082 | 0 | 4 | |a 839.8226 |
| 653 | |a Literatura noruega | ||
| 653 | |a Literatura infantil | ||
| 653 | |a Novela infantil | ||
| 859 | |a CEMS |b BIB. CEMS - Inicial y Primaria |h 839.8226 |i D137-7 |k IP |p 1427 |t Ej.1 | ||
